00582nam a2200133Ia 4500008004100000100003500041245014800076260003600224300001800260650001000278856006800288999001900356952007300375160712s9999 xx 000 0 und d aCarrubias Domingo, Leavides G. cLeavides G. Domingo CabarrubiasaGender Matters in the Call Center Industry: A Review of Literature on the Effects of Call Center Work on Women c2011bReview of Women's Studies avol. 21 no. 2 xWOMEN uhttp://journals.upd.edu.ph/index.php/rws/issue/view/440/showToc c297697d297697 001040aCLbCLd2016-07-12l0r2016-07-12 00:00:00w2016-07-12yFEJ